Generalidades del concreto reforzado sujeto a esfuerzos de torsión y su aplicación a las vigas marginales

Đã lưu trong:
Chi tiết về thư mục
Tác giả chính: Rohrmoser, Oscar C
Định dạng: Không biết
Được phát hành: [San José, Costa Rica] 1955
Những chủ đề:
Các nhãn: Thêm thẻ
Không có thẻ, Là người đầu tiên thẻ bản ghi này!

MARC

LEADER 00000 a2200000 4500
003 010963
005 20221231143800.0
008 140114s1955 c a m 000 ||s d
040 |c cru CEDI 
090 |a TFG 027 
100 |a Rohrmoser, Oscar C  |9 17018 
245 |a Generalidades del concreto reforzado sujeto a esfuerzos de torsión y su aplicación a las vigas marginales 
260 |c 1955  |a [San José, Costa Rica] 
300 |a  [35] hojas : cuadro, diagramas ; 29 cm  
500 |a  Tesis (Ingeniero Civil) Universidad de Costa Rica.  
501 |a Ed. mecanografiada 
650 |x CONSTRUCCIONES DE HORMIGON  |9 17019 
942 |c TFG 
999 |c 11900  |d 11900